Statistiques concernant đź“– 150 premiers mots "Le vieil homme et la mer" Hemingway

Cliquez ici pour prendre le quiz!

Statistiques générales

  • Ce quiz a Ă©tĂ© pris 30 fois
  • Le rĂ©sultat moyen est 87 sur 150

Statistiques - réponses

Mots% Correct
Ă 
100%
d'
100%
de
100%
et
100%
homme,
100%
l'
100%
le ...
100%
le
100%
n'
100%
qu'
100%
qui
100%
'salao'
100%
un
100%
les
96%
Les
96%
que
96%
sa
96%
une
96%
il
92%
Il
92%
La
92%
la
92%
son
92%
vieil
92%
au
88%
avait
88%
Ă©tait
88%
pas
88%
bateau,
83%
bateau
83%
ce
83%
dans
83%
en
83%
En
83%
fois
83%
ne
83%
elle
79%
ou
79%
sur
79%
tout
79%
on
75%
On
75%
du
71%
mais
71%
vieux
71%
jours,
63%
seul
63%
avec
58%
poisson.
58%
sans
54%
peut
50%
dire
46%
donc
46%
ĂŞtre.
46%
Gulf
46%
mât.
46%
Stream.
46%
temps,
46%
soir,
42%
trois
42%
autre
38%
jeune
38%
milieu
38%
quatre-
38%
quatre
38%
vingt-
38%
aussi
33%
garçon
33%
voile
33%
bout
29%
pĂŞchait
29%
premiers
29%
pris
29%
poissons
25%
quarante
25%
veut
25%
voir
25%
aidait
17%
aller
17%
Chaque
17%
parents
17%
semaine,
17%
barque
13%
accompagna ;
8%
ainsi
8%
gamin
8%
rapiécée
8%
rencontre
8%
vide.
8%
autour
4%
décidément
4%
déclarèrent
4%
lequel,
4%
lignes
4%
manquait
4%
porter
4%
remède
4%
embarqua
0%
farine ;
0%
figurait
0%
gaffe,
0%
guignard
0%
harpon,
0%
ramena
0%
rentrer
0%
repliée,
0%
roulée
0%
sacs
0%
serrées
0%
spirales,
0%
superbes.
0%
tristesse
0%

Distribution des résultats

Percentile par nombre de réponses

% des personnes avec chaque résultat

Votre développement - résultats

Vous n’avez pas pris ce quiz